000
00268nam a22001217a 4500
020
_a
0-7214-1174-6
082
_a
823
_b
SOU/T
100
_a
SOUTHGATE, VERA
245
_a
THE THREE LITTLE PIGS
260
_a
UK
_b
LADYBIRD
650
_a
ENGLISH SHORT STORY
_z
UK
942
_c
BK
999
_c
3966
_d
3966